Catálogo
 En Linea

Arqueología de rescate : (Registro nro. 39580)

Detalles MARC
000 -CABECERA
campo de control de longitud fija 00615nam a2200145 a 4500
001 - NÚMERO DE CONTROL
campo de control 000040090
005 - FECHA Y HORA DE LA ÚLTIMA TRANSACCIÓN
campo de control 20201002033918.0
008 - DATOS DE LONGITUD FIJA--INFORMACIÓN GENERAL
campo de control de longitud fija 130806s1990 sp 000 0 spa d
040 ## - FUENTE DE LA CATALOGACIÓN
Centro catalogador/agencia de origen DO-SdBNP
Lengua de catalogación spa
Centro/agencia transcriptor BNPHU
245 00 - MENCIÓN DE TÍTULO
Título Arqueología de rescate :
Resto del título actas de la tercera conferencias del Nuevo Mundo sobre arqueología de rescate /
Mención de responsabilidad, etc. editadas por Gloria Layola-Black y Mario Sanoja Obediente.
260 ## - PUBLICACIÓN, DISTRIBUCIÓN, ETC.
Lugar de publicación, distribución, etc. Venezuela :
Nombre del editor, distribuidor, etc. Organización de los Estados Américanos
-- Editorial Abre Brecha,
Fecha de publicación, distribución, etc. 1990.
300 ## - DESCRIPCIÓN FÍSICA
Extensión 439 p. ;
Dimensiones 24 cm.
700 1# - PUNTO DE ACCESO ADICIONAL--NOMBRE DE PERSONA
Nombre de persona Layola-Black, Gloria
Término indicativo de función/relación ed.
9 (RLIN) 66355
700 1# - PUNTO DE ACCESO ADICIONAL--NOMBRE DE PERSONA
Nombre de persona Sanoja Obediente, Mario
Término indicativo de función/relación ed.
9 (RLIN) 66356
Existencias
Estado de retiro Estado de pérdida Restricciones de uso No para préstamo Código de colección Localización permanente Ubicación/localización actual Ubicación en estantería Fecha de adquisición Número de inventario Total de préstamos Signatura topográfica completa Código de barras Fecha visto por última vez Precio válido a partir de Tipo de ítem Koha
        Monografías: Libros y Folletos Patrimonio Dominicano Patrimonio Dominicano Orden iniciada 06.08.2013 LF1   40090-10 25.06.2020 25.06.2020 No se presta

Con tecnología Koha